La sociedad civil en el siglo XXI (Record no. 66563)

MARC details
000 -LEADER
campo de control de longitud fija 01103nam a2200289 i 4500
001 - NÚMERO DE CONTROL
campo de control 66563
003 - IDENTIFICADOR DE NÚMERO DE CONTROL
campo de control ES-MaACL
005 - FECHA Y HORA DE LA ÚLTIMA TRANSACCIÓN
campo de control 20250803014910.0
007 - CAMPO FIJO DE DESCRIPCIÓN FÍSICA--INFORMACIÓN GENERAL
campo de control de longitud fija t|
008 - DATOS DE LONGITUD FIJA--INFORMACIÓN GENERAL
campo de control de longitud fija 030703s2003 sp |||| | spa d
080 ## - NÚMERO DE LA CLASIFICACIÓN DECIMAL UNIVERSAL
Número de la Clasificación Decimal Universal 316.776.3(063)
080 ## - NÚMERO DE LA CLASIFICACIÓN DECIMAL UNIVERSAL
Número de la Clasificación Decimal Universal 364.65-053.9:351.84(063)
080 ## - NÚMERO DE LA CLASIFICACIÓN DECIMAL UNIVERSAL
Número de la Clasificación Decimal Universal 316.454.7(063)
111 2# - ENTRADA PRINCIPAL--NOMBRE DE CONGRESO/REUNIÓN
Nombre de congreso/reunión o jurisdicción como elemento de entrada Jornada "La Sociedad Civil en el Siglo XXI" (
Fecha del congreso o de la firma del tratado 2002.
Sede del congreso/Lugar de la reunión Palma de Mallorca)
9 (RLIN) 769
245 13 - MENCIÓN DEL TÍTULO
Título La sociedad civil en el siglo XXI
Resto del título : jornada : Palma de Mallorca, 26 de septiembre de 2002.
260 ## - PUBLICACIÓN, DISTRIBUCIÓN, ETC.
Lugar de publicación, distribución, etc. Madrid :
Nombre del editor, distribuidor, etc. Fundación Independiente,
Fecha de publicación, distribución, etc. [2003]
300 ## - DESCRIPCIÓN FÍSICA
Extensión 150 p. ;
Dimensiones 22 cm.
490 1# - MENCIÓN DE SERIE
Mención de serie Cuadernos de sociedad ;
Designación de volumen o secuencia 27
500 ## - NOTA GENERAL
Nota general Tít. tomado de cub.
650 14 - PUNTO DE ACCESO ADICIONAL DE MATERIA--TÉRMINO DE MATERIA
Término de materia o nombre geográfico como elemento de entrada Medios de comunicación social-
Subdivisión general Aspectos sociales-
Subdivisión de forma Congresos y asambleas.
9 (RLIN) 167821
650 14 - PUNTO DE ACCESO ADICIONAL DE MATERIA--TÉRMINO DE MATERIA
Término de materia o nombre geográfico como elemento de entrada Ancianos-
Subdivisión general Política gubernamental-
Subdivisión de forma Congresos y asambleas.
9 (RLIN) 9813
650 14 - PUNTO DE ACCESO ADICIONAL DE MATERIA--TÉRMINO DE MATERIA
Término de materia o nombre geográfico como elemento de entrada Participación social-
Subdivisión de forma Congresos y asambleas.
9 (RLIN) 169248
710 2# - ENTRADA AGREGADA--NOMBRE DE ENTIDAD CORPORATIVA
Nombre de entidad corporativa o nombre de jurisdicción como elemento de entrada Fundación Independiente (Madrid)
9 (RLIN) 4325
830 0# - PUNTO DE ACCESO ADICIONAL DE SERIE-TÍTULO UNIFORME
Título uniforme Cuadernos de sociedad ;
Designación de volumen o secuencia 27
9 (RLIN) 179224
852 ## - LOCALIZACIÓN
Ubicación ES-MaACL
Número de control de estantería L-27065
Holdings
Estatus retirado Estado de pérdida Estado de daño No para préstamo Biblioteca de origen Biblioteca actual Ubicación en estantería Fecha de adquisición Fuente de adquisición Total de préstamos Signatura topográfica completa Código de barras Visto por última vez Precio de reemplazo Tipo de ítem Koha
        Biblioteca del Ateneo de Madrid Biblioteca del Ateneo de Madrid Depósito 2 17/01/2008     L-27065 1069725 23/02/2023 23/02/2023 Libro impreso